| 000 | 01242nam a22004217a 4500 | ||
|---|---|---|---|
| 001 | BR0001823 | ||
| 003 | BR-BrBNA | ||
| 005 | 20230928100632.0 | ||
| 007 | ta | ||
| 008 | 230509b bl.||||| |||| 00| 0 por d | ||
| 040 |
_aBR-BrBNA _bpor _cBiblioteca Nacional de Agricultura |
||
| 041 | _a(Por) | ||
| 072 | _aF30 | ||
| 090 | _ F30 BR0001823 | ||
| 100 | 1 | _aAguiar, A.M. | |
| 100 | 1 | _aRosal, C.J. de S. | |
| 100 | 1 | _aMenezes, C.B. de | |
| 100 | 1 | _aRaposo, F.V. | |
| 100 | 1 | _aCorte, H.R. | |
| 100 | 1 | _aFuzatto, S.R.(eds.) | |
| 110 | 1 | _aUniversidade Federal de Lavras, MG (Brasil) | |
| 111 | 1 |
_a2. Simposio sobre Atualizacao em Genetica e Melhoramento de Plantas _cLavras, MG (Brazil) _d3-7 Aug 1998 |
|
| 245 | 1 | _a2. Simposio sobre Atualizacao em Genetica e Melhoramento de Plantas; anais | |
| 260 | 3 |
_aLavras, MG (Brasil): _c1998. |
|
| 300 | _a170 p. | ||
| 500 | _a29 tables; Several bibliography; Summary only | ||
| 650 | _aCacau | ||
| 650 | _aFeijao | ||
| 650 | _aCafe | ||
| 650 | _aPlanta Forrageira | ||
| 650 | _aMaca | ||
| 650 | _aVariedade | ||
| 650 | _aMelhoramento Genetico Vegetal | ||
| 650 | _aDefesa Vegetal | ||
| 650 | _aMarcador Molecular | ||
| 909 |
_a202309 _bLucia _c55 _dLucia Elande |
||
| 942 | _cBK | ||
| 999 |
_c62131 _d62131 |
||